German Vocabulary Test-Numbers - Statistics

General Stats
  • This quiz has been taken 158 times
  • The average score is 16 of 23
Answer Stats
Number German Wors % Correct
1 Eins
97%
3 Drei
93%
5 Fünf
93%
2 Zwei
92%
9 Neun
91%
8 Acht
90%
6 Sechs
90%
7 Sieben
90%
4 Vier
90%
10 Zehn
88%
11 Elf
85%
19 Neunzehn
84%
13 Dreizehn
83%
0 Null
82%
21 Einundzwanzig
71%
34 Vierunddreißig
58%
1.000.000 Million
39%
1000 Tausend
37%
101 Einhunderteins
32%
100.000 Hunderttausend
31%
69 Neunundsechsig
29%
1.000.000.000 Milliarde/Miliarde
17%
1.000.000.000.000.000 Billiarde/Biliarde
10%
No matching quizzes found
Score Distribution
Percent of People with Each Score
Percentile by Number Answered
Your Score History
You have not taken this quiz